00516nam a2200133Ia 4500008004100000020001800041245004800059260003000107300003400137650002900171650004000200999001900240952012300259190723s9999 xx 000 0 und d a9780965307888 4aThe QPB Companion to the lord of the rings/ aNew York:bBookspanc2001 aviii, 104 p. :bill.c210 cm. aFantasy fiction, English aLord of the rings (Tolkien, J.R.R.) c362013d362013 001040aLUXbLUXcHSd2019-07-23eLibrary fundl0oPR 6039.032 .L866 2001p20739r2019-07-23 00:00:00w2019-07-23yBK